000 01513nam a2200325 c 4500
003 BLK
005 20180422112837.0
008 180410b bul|||||r ||||||| ||bul||
010 _aKNG00154688000
040 _aBLK
041 _aBUL
_cBUL
080 _aВъзпитание у дома. Семейно възпитание
_b37.018.1
_x
_z37.018.1
100 1 _aБрайнхолст, Вили
_eпърви автор
_942836
700 1 _aПушкарова, Мариана Стоянова
_eпрев. от нем.
_9380304
700 1 _aРой, Леон ван
_eил.
_9330035
139 _aБрайнхолст, Вили
_bБ 75
245 1 0 _aНаръчник за бащи
_bЗабавно четиво
_cВили Брайнхолст; прев. от нем. Мариана Стоянова Пушкарова; ил. Леон ван Рой.
257 _aDEU
260 София
_bМедицина и физкултура
_c1988
_fПловдив : Д. Благоев
300 _a111 с.
_bс ил.
_c17 см
380 _a3
500 _aПрев. от нем . изд. Handbuch fur Vater / Willy Breinholstл - Ориг. загл. на дат. ез. - Без тир.
650 4 _aВъзпитание в семейството
_9242361
653 _aсемейно възпитание
852 _aЦб І 23998
856 4 _qpdf
_u
856 4 _qpdf
_u
942 _cKNG
_n0
944 _aCR
_c12.12.2013
_l12.12.2013 - от С1,Р / 12.12.2013
_kКамелия_Данева
944 _aED
_c12.12.2013
_l12.12.2013 - от С1,Р / 12.12.2013
_k
999 _c148465
_d148465